Zenker, Julius Theodor Türkisch-arabisch-persisches Handwörterbuch I-II. Hildesheim: Olms 1967 (Repr. Nachdruck der Ausgabe Leipzig 1866) : Buchbesprechung /

Elmentve itt :
Bibliográfiai részletek
Szerző: Hazai György
További közreműködők: Zenker Theodor Julius
Dokumentumtípus: Cikk
Megjelent: 1972
Sorozat:Orientalistische Literaturzeitung
Kulcsszavak:Török-arab-perzsa szótár - könyvismertetés
Tárgyszavak:
Online Access:http://misc.bibl.u-szeged.hu/62674
LEADER 00897nab a2200229 i 4500
001 misc62674
005 20241007084738.0
008 220413s1972 hu o 000 ger d
040 |a SZTE Miscellanea Repozitórium  |b hun 
041 |a ger 
100 1 |a Hazai György 
245 1 0 |a Zenker, Julius Theodor  |h [elektronikus dokumentum] :  |b Türkisch-arabisch-persisches Handwörterbuch I-II. Hildesheim: Olms 1967 (Repr. Nachdruck der Ausgabe Leipzig 1866) : Buchbesprechung /  |c  Hazai György 
260 |c 1972 
300 |a 377-378  |c 30 cm 
490 0 |a Orientalistische Literaturzeitung 
561 |a Németh Gyula hagyaték 
591 |a NOA 2275 
650 4 |a Bölcsészettudományok 
650 4 |a Nyelvek és irodalom 
695 |a Török-arab-perzsa szótár - könyvismertetés 
700 0 1 |a Zenker Theodor Julius 
856 4 0 |u http://misc.bibl.u-szeged.hu/62674/1/2275_noa_h46.pdf  |z Dokumentum-elérés